|
|
|
|
| LEADER |
00774pam a22002538a 4500 |
| 001 |
00023760 |
| 005 |
20171026081025.0 |
| 008 |
110629s1995 ||||||Engsd |
| 020 |
# |
# |
|a 0838440932
|
| 041 |
0 |
# |
|a Eng
|
| 082 |
1 |
# |
|a 428
|b A100T
|
| 100 |
1 |
# |
|a Nunan, David
|
| 245 |
1 |
0 |
|a Atlas
|b learning - Centered Communication
|c David Nunan
|n Vol. 1
|
| 250 |
# |
# |
|a Teacher's Extended ed.
|b by Fran Byrnes
|
| 260 |
# |
# |
|a Boston, MA
|b Heinle & Heinle Pub.
|c 1995
|
| 300 |
# |
# |
|a 167 p.
|b picture
|c 28 x 23 Cm
|
| 653 |
# |
# |
|a Ngữ pháp
|
| 653 |
# |
# |
|a Tiếng anh
|
| 700 |
1 |
# |
|a Byrnes, Fran
|
| 852 |
# |
# |
|b Kho đọc
|j KD.0008225
|
| 852 |
# |
# |
|j KD.0008225
|
| 910 |
# |
# |
|a Ntuyet
|d 29/06/2011
|
| 980 |
# |
# |
|a Trung tâm Học liệu Lê Vũ Hùng, Trường Đại học Đồng Tháp
|